[Event "4th London Classic Open"]
[Site "London ENG"]
[Date "2012.12.01"]
[Round "1"]
[White "Hoegener,C"]
[Black "Bartholomew,J"]
[Result "1/2-1/2"]
[WhiteElo "2037"]
[BlackElo "2427"]

1.d4 Nf6 2.Bg5 e6 3.Nd2 h6 4.Bf4 c5 5.c3 cxd4 6.cxd4 Nc6 7.e3 d5 8.Ngf3 Bd6
9.Bxd6 Qxd6 10.Be2 O-O 11.O-O Bd7 12.Rc1 Rfc8 13.Rc3 Rc7 14.Qb1 Rac8 15.Rfc1 a6
16.a3 Na7 17.Rxc7 Rxc7 18.Rxc7 Qxc7 19.h3 Bb5 20.Bxb5 Nxb5 21.Qd1 Nd6 22.Ne5 Nfe4
23.Nd3 Nxd2 24.Qxd2 Ne4 25.Qd1 Qc4 26.Ne5 Qc7 27.Nd3 Qc4 28.Ne5 Qc8 29.Nd3 b6
30.Qc1 Qc4 31.Qd1 g5 32.Ne5 Qc7 33.Qh5  1/2-1/2

[Event "4th London Classic Open"]
[Site "London ENG"]
[Date "2012.12.07"]
[Round "7"]
[White "Pert,R"]
[Black "Caoili,A"]
[Result "1-0"]
[WhiteElo "2454"]
[BlackElo "2202"]

1.d4 Nf6 2.Bg5 e6 3.e4 h6 4.Bxf6 Qxf6 5.c3 c5 6.Nf3 Nc6 7.Bb5 a6 8.Bxc6 bxc6
9.O-O cxd4 10.cxd4 c5 11.e5 Qf5 12.Nbd2 Bb7 13.Rc1 Be7 14.dxc5 O-O 15.Re1 f6
16.c6 Bxc6 17.Nd4 Qd3 18.Nxc6 dxc6 19.exf6 Bxf6 20.Ne4 Qxd1 21.Nxf6+ Rxf6
22.Rexd1 Rb8 23.b3 e5 24.f3 Rb5 25.Rd8+ Kh7 26.Rc8 Rd5 27.a4 Rdd6 28.h3 Rfe6
29.Rc2 a5 30.Kf2 Kg6 31.Ke3 Kf7 32.Rc7+ Kf6 33.Rc5 Rd4 34.R7xc6 Rb4 35.Rxe6+ Kxe6
36.Rxa5 Rxb3+ 37.Kf2 Rb2+ 38.Kg3 Ra2 39.Ra7 Kf6 40.h4 Re2 41.Rb7 Ra2 42.Ra7 Re2
43.a5 e4 44.fxe4 Rxe4 45.Rb7 Ra4 46.Rb6+ Kf5 47.Rb5+ Ke4 48.h5 Ke3 49.Re5+ Kd3
50.Kf3 Ra1 51.Kg4 Kd4 52.Re7 Rxa5 53.Rxg7 Ke3 54.Rg6 Kf2 55.Rxh6 Kxg2 56.Rf6 Ra3
57.h6 Rg3+ 58.Kf5 Rh3 59.Kg6 Rg3+ 60.Kf7 Rh3 61.Kg7 Kh2 62.h7  1-0

[Event "IX Regina Helena Marques Prol"]
[Site "Santos BRA"]
[Date "2012.12.10"]
[Round "1.2"]
[White "Fier,A"]
[Black "Gallo Ponce,E"]
[Result "1-0"]
[WhiteElo "2567"]
[BlackElo "2248"]

1.d4 Nf6 2.Bg5 e6 3.Nd2 h6 4.Bh4 d6 5.e4 Nbd7 6.Ngf3 g5 7.Bg3 Nh5 8.Bd3 b6
9.a4 a6 10.O-O Bb7 11.c3 Bg7 12.Re1 Qe7 13.Nf1 Nxg3 14.Nxg3 h5 15.Nd2 g4
16.Nf5 Qf8 17.Nxg7+ Qxg7 18.Qe2 e5 19.Rac1 Nf8 20.dxe5 dxe5 21.Bc4 Ng6 22.g3 Ne7
23.Nf1 Qg6 24.Rcd1 h4 25.Qd3 Kf8 26.Qd7 Qc6 27.Ne3 hxg3 28.fxg3 b5 29.Bxf7 Qxd7
30.Rxd7 Kxf7 31.Nf5 Rae8 32.Rxc7 Ba8 33.axb5 Kf6 34.Nd6 Rb8 35.Ra1 axb5 36.Ra6 Nc6
37.Nf5 Kg5 38.Rg7+ Kh5 39.h3  1-0

[Event "Amplico ch-EUR Blitz"]
[Site "Warsaw POL"]
[Date "2012.12.14"]
[Round "2.2"]
[White "Bednarek,S"]
[Black "Riazantsev,A"]
[Result "0-1"]
[WhiteElo "2314"]
[BlackElo "2705"]

1.d4 Nf6 2.Bg5 e6 3.Nd2 h6 4.Bh4 d5 5.e3 Be7 6.f4 b6 7.c3 O-O 8.Ngf3 Bb7
9.Ne5 Ne8 10.Bxe7 Qxe7 11.Bd3 Nd6 12.Qf3 Rc8 13.O-O f6 14.Ng6 Qf7 15.g4 Nd7
16.Nh4 c5 17.Qg3 Ne4 18.Nxe4 dxe4 19.Be2 Re8 20.f5 e5 21.Rfd1 a6 22.a3 b5
23.Ng6 Kh7 24.dxe5 Nxe5 25.Nxe5 Rxe5 26.Rd6 Qb3 27.Rd2 Rae8 28.Bd1 Qf7 29.Be2 Bd5
30.Rad1 Bb3 31.Rc1 R8e7 32.Bd1 Bc4 33.Bc2 Bd3 34.Bd1 c4 35.h4 a5 36.Be2 Rb7
37.Bf1 b4 38.axb4 axb4 39.Bh3 b3 40.Rg2 Qe7 41.Kh2 Ra7 42.Rcg1 Ra2 43.Qf4 Rea5
44.Kh1 Qe5 45.Qf2 Rb5 46.g5 Rb7 47.gxh6 Kxh6 48.Qe1 Kh7 49.Qf2 Kg8 50.h5 Kf8
51.h6  0-1

[Event "ch-CZE Blitz 2012"]
[Site "Prague CZE"]
[Date "2012.12.15"]
[Round "1.1"]
[White "Cifka,S"]
[Black "Navara,D"]
[Result "0-1"]
[WhiteElo "2409"]
[BlackElo "2710"]

1.d4 Nf6 2.Bg5 e6 3.e3 c5 4.Nf3 Qb6 5.Qc1 Ne4 6.Bh4 Nc6 7.c3 d5 8.Nbd2 Nxd2
9.Qxd2 Bd6 10.Bg3 Bxg3 11.hxg3 h6 12.Bd3 Bd7 13.O-O O-O 14.dxc5 Qxc5 15.e4 Rfd8
16.exd5 Qxd5 17.Rfd1 Be8 18.Qe2 Qa5 19.Qe4 g6 20.a3 Qb6 21.b4 Qc7 22.Bf1 Ne7
23.c4 Bc6 24.Qc2 b6 25.Rxd8+ Rxd8 26.Rd1 Rxd1 27.Qxd1 Nf5 28.Qc1 e5 29.g4 Nd4
30.Nxd4 exd4 31.Qxh6 Qe5 32.Qd2 Kg7 33.Qe2 Qf4 34.g3 Qe4 35.Qxe4 Bxe4 36.f4 d3
37.Kf2 d2 38.Be2 Bc2 39.Ke3 d1=Q 40.Bxd1 Bxd1 41.g5 Kf8 42.Kd4 Ke7 43.c5 Ke6
44.Kc4 Be2+ 45.Kd4 Bb5 46.Ke4 bxc5 47.bxc5 Bc6+ 48.Kd4 Kf5  0-1

[Event "Subotica IM 2012"]
[Site "Subotica SRB"]
[Date "2012.12.15"]
[Round "2.1"]
[White "Pataki,G"]
[Black "Djokic,Nen"]
[Result "1-0"]
[WhiteElo "2356"]
[BlackElo "2384"]

1.d4 Nf6 2.Bg5 e6 3.Nd2 h6 4.Bh4 c5 5.e3 cxd4 6.exd4 Be7 7.Ngf3 b6 8.Bd3 Bb7
9.O-O O-O 10.a4 d6 11.Re1 Nbd7 12.a5 Bc6 13.axb6 axb6 14.Rxa8 Qxa8 15.c3 b5
16.Bb1 Rb8 17.Qc2 Bd5 18.b3 Rc8 19.Qb2 Qa5 20.Rc1 Bxf3 21.Nxf3 d5 22.b4 Qa6
23.Ne5 Bd6 24.Bxf6 Nxf6 25.Nd3 Ne8 26.g3 g6 27.Nc5 Bxc5 28.bxc5 Nc7 29.Bd3 Ra8
30.Qd2 Kg7 31.Qe3 f6 32.Qf4 Ne8 33.Rb1 g5 34.Qd2 Nc7 35.Qe2 Qa5 36.Qh5 f5
37.Qe2 Kf7 38.Qe5 Rd8 39.Re1 Rd7  1-0

[Event "Norberto La Porta Open A"]
[Site "Buenos Aires ARG"]
[Date "2012.12.17"]
[Round "3"]
[White "Mahia,G"]
[Black "Uelf,M"]
[Result "1/2-1/2"]
[WhiteElo "2380"]
[BlackElo "2172"]

1.d4 Nf6 2.Bg5 e6 3.Nf3 d5 4.e3 Nbd7 5.Nbd2 Bd6 6.e4 dxe4 7.Nxe4 Be7 8.Nxf6+ Bxf6
9.Bxf6 Qxf6 10.g3 O-O 11.Bg2 c5 12.O-O Rb8 13.c3 Rd8 14.Qa4 a6 15.Rfd1 h6
16.dxc5 Nxc5 17.Rxd8+ Qxd8 18.Qf4 Bd7 19.Rd1 Qc8 20.b4 Ba4 21.Rd2 Nd7 22.c4 Bc6
23.h4 Qe8 24.Qd6 Nf6 25.Rd4 Rc8 26.c5 Bxf3 27.Bxf3 e5 28.Rd1 e4 29.Be2 Qa4
30.Qd2 a5 31.Bc4 Qxb4 32.Qxb4 axb4 33.Bb3 Kf8 34.Rd4 Rxc5 35.Rxb4 Rc7  1/2-1/2

[Event "Groningen Open A"]
[Site "Groningen NED"]
[Date "2012.12.23"]
[Round "3.17"]
[White "Van Assendelft,F"]
[Black "Umudova,N"]
[Result "1/2-1/2"]
[WhiteElo "2403"]
[BlackElo "2220"]

1.d4 Nf6 2.Bg5 e6 3.Nd2 h6 4.Bh4 c5 5.e3 cxd4 6.exd4 Be7 7.Ngf3 b6 8.c3 Bb7
9.Bd3 d6 10.O-O Nbd7 11.a4 a6 12.Re1 O-O 13.Qe2 Re8 14.Rad1 Nh5 15.Bg3 Ndf6
16.Bb1 Nxg3 17.hxg3 Qc7 18.Nf1 Bf8 19.Ne3 Bc6 20.Bc2 b5 21.axb5 axb5 22.Nh2 g6
23.Nhg4 Nxg4 24.Nxg4 Bg7 25.Qd2 Kh7 26.Ne3 Qb7 27.Bb3 b4 28.c4 e5 29.d5 Bd7
30.g4 e4 31.Ra1 Qb6 32.Qc2 Rab8 33.Ba4 Bxa4 34.Rxa4 b3 35.Qc1 Ra8 36.Rxa8 Rxa8
37.Nd1 Qd4 38.Re3 Ra4 39.Rxb3 Rxc4 40.Nc3 Qxd5 41.Qxh6+ Kxh6 42.Nxd5 Rc1+
43.Kh2 Be5+ 44.g3 Rc2 45.Kg2 Bd4 46.Ne3 Bxe3 47.Rxe3 d5 48.Rb3 Kg5 49.Rb5 Kxg4
50.Rxd5 Rxb2 51.Re5 Re2 52.Re7 f6 53.Re6 Kf5 54.Re8 Kg4 55.Re6 e3 56.Rxf6 exf2
57.Rxg6+ Kf5 58.Rg8 Ra2 59.Rf8+ Kg4 60.Rxf2 Rxf2+  1/2-1/2

[Event "XLII Rilton Cup"]
[Site "Stockholm SWE"]
[Date "2012.12.27"]
[Round "1.3"]
[White "Shimanov,A"]
[Black "Lissang,C"]
[Result "1-0"]
[WhiteElo "2630"]
[BlackElo "2257"]

1.d4 Nf6 2.Bg5 e6 3.Nd2 c5 4.e3 b6 5.Bd3 Bb7 6.Ngf3 Be7 7.O-O O-O 8.c3 cxd4
9.exd4 Nc6 10.Re1 h6 11.Bh4 Nh5 12.Bxe7 Nxe7 13.a4 a6 14.Bf1 d6 15.Nc4 Rb8
16.Nfd2 Nf6 17.Qb3 Ned5 18.Qa3 b5 19.Ne3 Bc6 20.a5 Nxe3 21.fxe3 Ne4 22.Nxe4 Bxe4
23.c4 Qg5 24.b3 b4 25.Qb2 f5 26.Qd2 f4 27.exf4 Rxf4 28.Ra2 Rbf8 29.g3 Qg6
30.Qxb4 h5 31.Qxd6 h4 32.Bh3 R4f6 33.Rae2 Bd3 34.Rxe6 Bf5 35.Bxf5 Qxf5 36.Rxf6 Rxf6
37.Qd5+  1-0

[Event "2nd Erfurter WGM"]
[Site "Erfurt GER"]
[Date "2012.12.28"]
[Round "5.5"]
[White "Rajlich,I"]
[Black "Ohme,M"]
[Result "1-0"]
[WhiteElo "2410"]
[BlackElo "2322"]

1.d4 Nf6 2.Bg5 e6 3.Nd2 h6 4.Bh4 d6 5.e4 Nbd7 6.c4 Be7 7.Bd3 c5 8.Ne2 g5
9.Bg3 Nh5 10.Bc2 a6 11.d5 Nxg3 12.Nxg3 Ne5 13.dxe6 fxe6 14.Qh5+ Kd7 15.Qe2 Kc7
16.Nh5 Bd7 17.Nf3 Nxf3+ 18.Qxf3 Rf8 19.Qe2 Bf6 20.Nxf6 Qxf6 21.Rb1 Rf7 22.O-O e5
23.b4 b6 24.Rfd1 h5 25.Rd2 Rh8 26.a4 a5 27.bxa5 bxa5 28.Qd3 Rff8 29.Rbd1 Rh6
30.Qc3 Ra8 31.Rxd6 Qxd6 32.Rxd6 Kxd6 33.Qd2+ Kc7 34.Qd5 Re8 35.Qxc5+ Kb7
36.Qxa5 g4 37.Qd2 Rh7 38.Qb4+ Kc7 39.Qc5+ Kb7 40.Qb4+ Kc7 41.Qa5+ Kb7 42.c5 Rh6
43.Qd2 Rh7 44.Qb4+ Kc8 45.Bd3 Rh6 46.Qa5 Ree6 47.Bc4 Ref6 48.Qa8+ Kc7 49.Qa7+ Kc8
50.a5 Rhg6 51.a6 Bc6 52.Qe7 Rf4 53.Be6+  1-0

[Event "2nd Erfurter WGM"]
[Site "Erfurt GER"]
[Date "2012.12.28"]
[Round "6.4"]
[White "Michna,Mart"]
[Black "Osmanodja,F"]
[Result "1/2-1/2"]
[WhiteElo "2383"]
[BlackElo "2199"]

1.d4 Nf6 2.Bg5 e6 3.e4 c5 4.Bxf6 Qxf6 5.e5 Qg6 6.Nf3 cxd4 7.Bd3 f5 8.h4 Nc6
9.h5 Qh6 10.Nbd2 g5 11.Nb3 g4 12.Nfxd4 Nxd4 13.Nxd4 Qf4 14.Be2 Qxe5 15.Qd2 b6
16.O-O-O Bg7 17.c3 O-O 18.f3 g3 19.f4 Qa5 20.Bf3 Rb8 21.Rh3 Qxa2 22.Rxg3 Kh8
23.Nc2 Qa4 24.Qd6 Ba6 25.h6 Bf6 26.Rd4 Qb5 27.Qxd7 Rbd8 28.Qxe6 Qf1+ 29.Rd1 Rxd1+
30.Bxd1 Qxf4+ 31.Re3 Bc8 32.Qc6 Qxh6 33.Kb1 Bg5 34.Qxh6 Bxh6 35.Rh3 Bg5 36.Nd4 h6
37.Bf3 Kg7 38.Rh1 Re8 39.Nb5 Ba6 40.Nxa7 Bd3+ 41.Ka2 Be4 42.Nb5  1/2-1/2

[Event "29th Travemuender Schach-Open"]
[Site "Travemuende GER"]
[Date "2012.12.29"]
[Round "5.6"]
[White "Fries Nielsen,JO"]
[Black "Feldtmann,T"]
[Result "1-0"]
[WhiteElo "2365"]
[BlackElo "2276"]

1.d4 Nf6 2.Bg5 e6 3.e3 c5 4.Nc3 d5 5.Nf3 Nbd7 6.a3 Be7 7.Bd3 c4 8.Be2 b5
9.O-O Rb8 10.Bf4 Rb7 11.Nd2 Qb6 12.Bf3 Nf8 13.g4 Ng6 14.Bg3 h6 15.Bg2 O-O
16.f4 Bd6 17.g5 hxg5 18.fxg5 Bxg3 19.hxg3 Nh7 20.Qh5 Ne7 21.g4 Qd6 22.Rf3 g6
23.Qh6 f6 24.gxf6 Rxf6 25.Nde4 dxe4 26.Nxe4 Rxf3 27.Nxd6 Rg3 28.Rf1 Rxg4
29.Rf7  1-0

[Event "XXIII Krakow Open"]
[Site "Krakow POL"]
[Date "2012.12.31"]
[Round "6.19"]
[White "Pohjala,H"]
[Black "Klimentov,R"]
[Result "1/2-1/2"]
[WhiteElo "2312"]
[BlackElo "2238"]

1.d4 Nf6 2.Bg5 e6 3.Nf3 h6 4.Bf4 c5 5.e3 Qb6 6.Qc1 Nc6 7.c3 Be7 8.Nbd2 d5
9.Be2 Bd7 10.Ne5 Rc8 11.Qb1 Nxe5 12.Bxe5 Bb5 13.c4 Bxc4 14.Nxc4 dxc4 15.O-O O-O
16.Bxc4 Nd7 17.b3  1/2-1/2

[Event "Prague Open A 2013"]
[Site "Prague CZE"]
[Date "2013.01.15"]
[Round "8.1"]
[White "Biolek,R1"]
[Black "Michalik,P"]
[Result "1/2-1/2"]
[WhiteElo "2399"]
[BlackElo "2499"]

1.d4 Nf6 2.Bg5 e6 3.e4 h6 4.Bxf6 Qxf6 5.Nc3 Qd8 6.Qf3 b6 7.e5 c6 8.Ne4 d5
9.exd6 Bxd6 10.Nxd6+ Qxd6 11.O-O-O Nd7 12.Ne2 Bb7 13.Nc3 Nf6 14.Bc4 O-O-O
15.Qe3 Rd7 16.f3 Rhd8 17.Bb3 Nh5 18.g3 Nf6 19.Rhf1 Qb4 20.a3 Qa5 21.Ne4 Qh5
22.Nxf6 gxf6 23.Qg1 c5 24.dxc5 Rxd1+ 25.Rxd1 Rxd1+ 26.Qxd1 Qxh2 27.Ba4 Qxg3
28.c6 Kb8 29.cxb7 Qf4+ 30.Qd2 Qxa4 31.Qxh6 Kxb7  1/2-1/2

[Event "Dvorkovich Mem 2013"]
[Site "Taganrog RUS"]
[Date "2013.01.16"]
[Round "2.27"]
[White "Orekhov,N"]
[Black "Martynov,Roman"]
[Result "1/2-1/2"]
[WhiteElo "2118"]
[BlackElo "2279"]

1.d4 Nf6 2.Bg5 e6 3.e4 h6 4.Bxf6 Qxf6 5.Nc3 d6 6.Qd2 a6 7.f4 g5 8.Nh3 gxf4
9.Nxf4 Nc6 10.O-O-O h5 11.Kb1 Bh6 12.g3 h4 13.Be2 Bd7 14.Nh5 Qe7 15.Qe1 hxg3
16.hxg3 O-O-O 17.Qf1 Kb8 18.Qf2 Bg5 19.Rdf1 Rdf8 20.Nf4 Rhg8 21.Bh5 Be8 22.Nce2 Bd7
23.Qe1 Qd8 24.Ng1 e5 25.dxe5 Nxe5 26.Nf3 Nxf3 27.Rxf3 Rh8 28.g4 Rxh5 29.gxh5 Bg4
30.Qg3 Bxf3 31.Qxf3 Qf6 32.Rf1 Bxf4 33.Qxf4 Qxf4 34.Rxf4 Kc8 35.c4 Kd7 36.Kc2 Ke6
37.Kd3 Rh8 38.Rf5 Rg8 39.b4 Rg3+ 40.Ke2 Ra3 41.Kf2 Rxa2+ 42.Kg3 Ra1 43.Kg2 Ra2+
44.Kg3 Ra3+ 45.Kg2 Ra2+ 46.Kg3  1/2-1/2

[Event "Marianske Lazne IM 2013"]
[Site "Marianske Lazne CZE"]
[Date "2013.01.18"]
[Round "1.2"]
[White "Chernyshova,N"]
[Black "Iwanow,A"]
[Result "1-0"]
[WhiteElo "2088"]
[BlackElo "2192"]

1.d4 Nf6 2.Bg5 e6 3.e4 h6 4.Bxf6 Qxf6 5.Nf3 d6 6.Nbd2 Nd7 7.Bd3 g5 8.h3 Bg7
9.c3 h5 10.Nc4 Bh6 11.e5 Qe7 12.g4 Bg7 13.Rg1 hxg4 14.hxg4 d5 15.Ne3 c5 16.Qd2 Rh3
17.Rg3 Rxg3 18.fxg3 cxd4 19.cxd4 Nb6 20.Rc1 Bd7 21.Rc7 Qd8 22.Rc2 Bc6 23.b3 a5
24.a4 Bf8 25.Qh2 Qe7 26.Qh5 Qb4+ 27.Kf2 Be7 28.Nxg5 Kd7 29.Ke2 Bxg5 30.Qxg5 Qxb3
31.Qg7 Ke8 32.g5 Bxa4 33.g6 f5 34.exf6 Qb4 35.f7+  1-0

[Event "TCh-CAT Div Hon 2013"]
[Site "Catalonia ESP"]
[Date "2013.01.19"]
[Round "1.4"]
[White "Travesset Ribera,J"]
[Black "Bergez,L"]
[Result "1/2-1/2"]
[WhiteElo "2233"]
[BlackElo "2393"]

1.d4 Nf6 2.Bg5 e6 3.Nd2 h6 4.Bh4 c5 5.e3 Nc6 6.c3 d5 7.Ngf3 Be7 8.Ne5 Nxe5
9.dxe5 Nd7 10.Bxe7 Qxe7 11.f4 O-O 12.Bd3 f6 13.exf6 Rxf6 14.O-O e5 15.Qh5 c4
16.Bc2 Qc5 17.Qe8+ Qf8 18.Qxf8+ Rxf8 19.fxe5 Rxf1+ 20.Rxf1 Nxe5 21.e4 Be6
22.Re1 Nc6 23.exd5 Bxd5 24.Be4 Bxe4 25.Rxe4 b5 26.Re6 Rd8 27.Nxc4 bxc4 28.Rxc6 Rd1+
29.Kf2 Rd2+ 30.Kf3 Rxb2 31.a4 Kf7 32.Rxc4 Kf6 33.h4 Ra2 34.g4 Ke5 35.Rc5+ Kf6
36.a5 Ra4 37.c4 Ke6 38.Ke4 Kd6 39.Kd4 Ra1 40.Rf5 Rd1+ 41.Kc3 Rc1+ 42.Kb4 Rb1+
43.Ka4 a6 44.g5 hxg5 45.Rxg5 Rb7 46.h5 Kc6 47.Rd5 Rb1 48.Rg5 Rb7 49.Rd5 Rb1
50.Re5 Kd6 51.Rf5 Kc6 52.Rd5 Rb7 53.Rg5  1/2-1/2

[Event "Dvorkovich Mem 2013"]
[Site "Taganrog RUS"]
[Date "2013.01.19"]
[Round "5.34"]
[White "Orekhov,N"]
[Black "Dida,Igor"]
[Result "1-0"]
[WhiteElo "2118"]
[BlackElo "1947"]

1.d4 Nf6 2.Bg5 e6 3.e4 Be7 4.Nd2 c5 5.e5 Nd5 6.Bxe7 Qxe7 7.Ne4 O-O 8.Nxc5 d6
9.Nd3 Nc6 10.Nf3 dxe5 11.dxe5 Rd8 12.Qd2 Ndb4 13.a3 Nxd3+ 14.Bxd3 Qc5 15.O-O b5
16.Qf4 h6 17.b4 Qb6 18.Qe4 Kf8 19.Qh7 Ne7 20.Qh8+ Ng8 21.Bh7 Ke7 22.Bxg8 Bb7
23.Qxg7 Rxg8 24.Qf6+ Ke8 25.Rad1 Be4 26.Rd6 Qb7 27.Rfd1 Bd5 28.R1xd5 exd5
29.e6 Qe7 30.exf7+ Qxf7 31.Qe5+ Kf8 32.Rf6 Rd8 33.Qf5 Qxf6 34.Qxf6+ Ke8 35.Ne5  1-0

[Event "5th Chennai Open 2013"]
[Site "Chennai IND"]
[Date "2013.01.20"]
[Round "8"]
[White "Rahman,Zia"]
[Black "Maheswaran,P"]
[Result "1-0"]
[WhiteElo "2526"]
[BlackElo "2276"]

1.d4 Nf6 2.Bg5 e6 3.e4 h6 4.Bxf6 Qxf6 5.c3 d6 6.Bd3 g6 7.Ne2 Bg7 8.O-O e5
9.Na3 O-O 10.Nc2 exd4 11.Nexd4 Nc6 12.f4 Bd7 13.Qd2 Nxd4 14.cxd4 c5 15.dxc5 dxc5
16.e5 Qb6 17.Ne3 Rad8 18.Nc4 Qc7 19.Qc2 Bb5 20.Nd6 c4 21.Kh1 Ba6 22.Rac1 b5
23.b3 f6 24.Bxg6 fxe5 25.fxe5 Bxe5 26.Nf7 Bf4 27.Qf5 Rxf7 28.Bxf7+ Qxf7 29.Qxf7+ Kxf7
30.Rxf4+ Kg6 31.bxc4 bxc4 32.h3 Rd2 33.Rc3 Kg5 34.Rf7 Rd3 35.Rc2 Bb5 36.Rxa7 Kf4
37.Kh2 Ke3 38.a4 Ra3 39.axb5 Rxa7 40.Rxc4 Rb7 41.Rc5 Rb6 42.g4 Rf6 43.Rf5 Rd6
44.Kg3 Ke4 45.Kh4 Rb6 46.Rc5 Kd4 47.Rc6 Rxb5 48.Rxh6 Ke4 49.Re6+ Kf3 50.Rf6+ Kg2
51.g5 Rb4+ 52.Kh5 Kxh3 53.Rf3+ Kg2 54.Ra3 Kf1 55.g6 Rb2 56.g7 Rh2+ 57.Kg6 Rg2+
58.Kh7 Rh2+ 59.Kg8 Rh4 60.Rf3+ Ke2 61.Rf6  1-0

[Event "TCh-LTU 2013"]
[Site "Vilnius LTU"]
[Date "2013.01.20"]
[Round "2.4"]
[White "Paulauskiene,V"]
[Black "Stauskas,Lukas"]
[Result "1/2-1/2"]
[WhiteElo "2078"]
[BlackElo "1735"]

1.d4 Nf6 2.Bg5 e6 3.Nf3 Be7 4.e3 b6 5.Bd3 Bb7 6.O-O d6 7.Nbd2 Nbd7 8.e4 h6
9.Be3 O-O 10.h3 Re8 11.c4 Bf8 12.Qc2 e5 13.d5 a5 14.b3 Nc5 15.Be2 g6 16.a3 Qe7
17.b4 axb4 18.axb4 Ncd7 19.Nb3 c5 20.dxc6 Bxc6 21.Nfd2 Rec8 22.Bd3 Kg7 23.Qb2 Qd8
24.Rxa8 Rxa8 25.Ra1 Qb8 26.Ra2  1/2-1/2

[Event "Marianske Lazne GM 2013"]
[Site "Marianske Lazne CZE"]
[Date "2013.01.23"]
[Round "6.4"]
[White "Chernyshov,K"]
[Black "Fries Nielsen,JO"]
[Result "1/2-1/2"]
[WhiteElo "2530"]
[BlackElo "2370"]

1.d4 Nf6 2.Bg5 e6 3.e4 h6 4.Bxf6 Qxf6 5.Nf3 d6 6.Nc3 Nd7 7.Qd2 c6 8.O-O-O e5
9.h4 Be7 10.Kb1 a6 11.Ne2 h5 12.c3 b5 13.Qe3 Bd8 14.Ng5 Bb6 15.g3 Qh6 16.f4 Nf6
17.Nc1 Ng4 18.Qd2 f6 19.Nf3 O-O 20.Bd3 Be6 21.Rhe1 Rad8 22.Bc2 c5 23.Nd3 a5
24.Re2 exd4 25.cxd4 cxd4 26.f5 Qxd2 27.Rdxd2 Bc4 28.b3 Ne3 29.bxc4 bxc4 30.Nb2 Nxc2
31.Nxc4 d3 32.Nxb6 Na3+ 33.Kb2 dxe2 34.Kxa3 Rfe8 35.Rxe2 d5 36.e5 fxe5 37.Rxe5 Rxe5
38.Nxe5 d4 39.Nbc4 d3 40.Nf3 Rd5 41.Nfd2 Rxf5 42.Ne4 Rb5 43.Ned2 Rb4 44.Ne5 Rb5
45.Nec4  1/2-1/2

[Event "15th Nord-West Cup"]
[Site "Bad Zwischenahn GER"]
[Date "2013.01.25"]
[Round "2.7"]
[White "Schneider,Il"]
[Black "Bielmeier,L"]
[Result "1-0"]
[WhiteElo "2492"]
[BlackElo "2109"]

1.d4 Nf6 2.Bg5 e6 3.e4 c5 4.e5 h6 5.Bc1 Nh7 6.d5 exd5 7.Qxd5 Be7 8.Nc3 Nc6
9.Be3 O-O 10.O-O-O Qa5 11.Nf3 a6 12.Bd3 Nb4 13.Bxh7+ Kxh7 14.Qe4+ Kg8 15.a3 Nc6
16.Nd5 Qd8 17.h4 d6 18.Nxe7+ Qxe7 19.Rxd6 Re8 20.Bxh6 f5 21.Qe3 Qf7 22.Kb1 Be6
23.Nd4 Nxe5 24.Rxe6 Rxe6 25.Nxe6 Nc4 26.Qe2 b5  1-0

[Event "Marianske Lazne Open 2013"]
[Site "Marianske Lazne CZE"]
[Date "2013.01.25"]
[Round "8.18"]
[White "Priya,V"]
[Black "Ivanovic,Mir"]
[Result "0-1"]
[WhiteElo "1817"]
[BlackElo "2088"]

1.d4 Nf6 2.Bg5 e6 3.e4 h6 4.Bxf6 Qxf6 5.Nc3 d6 6.Qd2 a6 7.f4 g5 8.f5 Bg7
9.fxe6 fxe6 10.O-O-O Nc6 11.Nge2 Bd7 12.Qe3 b5 13.g3 b4 14.Nb1 O-O 15.Bh3 Qf3
16.Qxf3 Rxf3 17.d5 Nd8 18.Rd3 Rf2 19.Rd2 h5 20.Ng1 Rf7 21.Bg2 g4 22.Rd1 Rf2  0-1

[Event "18th HIT Open A 2013"]
[Site "Nova Gorica SLO"]
[Date "2013.01.25"]
[Round "1.21"]
[White "Suc,T"]
[Black "Mikuz,Slavko"]
[Result "1/2-1/2"]
[WhiteElo "2116"]
[BlackElo "1676"]

1.d4 Nf6 2.Bg5 e6 3.e3 Be7 4.Nf3 h6 5.Bxf6 Bxf6 6.Bd3 d5 7.Nbd2 Nd7 8.Qe2 e5
9.dxe5 Nxe5 10.Nxe5 Bxe5 11.c3 a6 12.O-O-O Be6 13.f4 Bd6 14.f5 Bd7 15.e4 Qe7
16.Qg4 O-O-O 17.Rhe1 dxe4 18.Bxe4 Qf6 19.Qf3 c6 20.h3 h5 21.g4 hxg4 22.hxg4 Bc7
23.Kb1 Kb8 24.Bc2 Bc8  1/2-1/2

[Event "TCh-CZE Div1 Zapad 2012-13"]
[Site "Czech Republic CZE"]
[Date "2013.01.27"]
[Round "6.1"]
[White "Rausis,I"]
[Black "Rosko,L"]
[Result "1/2-1/2"]
[WhiteElo "2511"]
[BlackElo "2311"]

1.d4 Nf6 2.Bg5 e6 3.Nd2 c5 4.c3 d5 5.e3 Be7 6.Bd3 O-O 7.f4 b6 8.Ngf3 Ba6
9.Bxa6 Nxa6 10.Ne5 Nb8 11.O-O Nfd7 12.Bxe7 Qxe7 13.Qf3 f6 14.Nd3 f5 15.c4 Nf6
16.a3 Ne4 17.Rfd1 cxd4 18.exd4 Nc6 19.Qe3 Nxd2 20.Rxd2  1/2-1/2

[Event "TCh-CZE Div1 Zapad 2012-13"]
[Site "Czech Republic CZE"]
[Date "2013.01.27"]
[Round "6.8"]
[White "Kohout,V"]
[Black "Routner,J"]
[Result "1/2-1/2"]
[WhiteElo "2144"]
[BlackElo "2118"]

1.d4 Nf6 2.Bg5 e6 3.e3 b6 4.Nd2 Be7 5.c3 c5 6.Bd3 h6 7.Bf4 Ba6 8.Qf3 d5 9.Bc2 Nc6
10.Ne2 Bd6 11.O-O Bxf4 12.exf4 cxd4 13.cxd4 O-O 14.Bd3 Bxd3 15.Qxd3 Qd6 16.Rac1 Rac8
17.a3 Rc7 18.Rc3 Rfc8 19.Rfc1 Ne7 20.g3 Nf5 21.Kg2 Qd7 22.f3 Rxc3 23.Rxc3 Ne8
24.Kf2  1/2-1/2

[Event "ch-HUN U20 g 2013"]
[Site "Budapest HUN"]
[Date "2013.02.04"]
[Round "1.4"]
[White "Terbe,J"]
[Black "Terbe,Z"]
[Result "1/2-1/2"]
[WhiteElo "1933"]
[BlackElo "1808"]

1.d4 Nf6 2.Bg5 e6 3.Nd2 d5 4.Ngf3 Be7 5.e3 Nbd7 6.Bd3 c5 7.c3 c4 8.Bc2 b5
9.e4 dxe4 10.Nxe4 Bb7 11.Nxf6+ Bxf6 12.Bxf6 Nxf6 13.O-O O-O 14.Re1 Qc7 15.Ne5 Nd7
16.Nxd7  1/2-1/2

[Event "FSGM February 2013"]
[Site "Budapest HUN"]
[Date "2013.02.04"]
[Round "3.1"]
[White "Czebe,A"]
[Black "Rindlisbacher,L"]
[Result "1-0"]
[WhiteElo "2488"]
[BlackElo "2366"]

1.d4 Nf6 2.Bg5 e6 3.e4 h6 4.Bxf6 Qxf6 5.Nc3 b6 6.g3 Bb7 7.Bg2 Qe7 8.Nge2 g6
9.O-O Bg7 10.Qd2 d6 11.f4 Nd7 12.f5 O-O-O 13.fxg6 fxg6 14.Nf4 Qg5 15.e5 d5
16.Nb5 Nf8 17.Qc3 Qe7 18.Nxa7+ Kb8 19.Nc6+ Bxc6 20.Qxc6 Qd7 21.Qxd7 Rxd7
22.a4 h5 23.a5 g5 24.Nd3 Ng6 25.c4 Rf8 26.cxd5 exd5 27.axb6 cxb6 28.Nb4 Rxf1+
29.Rxf1 h4 30.Bh3  1-0

[Event "Moscow Open B 2013"]
[Site "Moscow RUS"]
[Date "2013.02.06"]
[Round "5.8"]
[White "Khlichkova,T"]
[Black "Kashlinskaya,A"]
[Result "1-0"]
[WhiteElo "2171"]
[BlackElo "2350"]

1.d4 Nf6 2.Bg5 e6 3.e4 h6 4.Bxf6 Qxf6 5.c3 d6 6.Nd2 g6 7.Bd3 Bg7 8.Ne2 e5
9.O-O O-O 10.f4 exd4 11.Nxd4 b6 12.Qf3 c6 13.Rae1 Bb7 14.Qg3 c5 15.e5 Qd8
16.Nb5 dxe5 17.fxe5 Nc6 18.Nc4 Ne7 19.e6 f5 20.Ncd6 Qb8 21.Nxb7 Qxb7 22.Nd6 Qd5
23.Bc4 Qd2 24.Re2 Qg5 25.Qf3 Rab8 26.a4 h5 27.h3 Qh4 28.Kh2 f4 29.Nf7 g5
30.Bd3 Rbd8 31.Nxd8 g4 32.Qe4 Qg3+ 33.Kg1 Rxd8 34.Qh7+ Kf8 35.Qxh5  1-0

[Event "Asian Zonal 3.2 w 2013"]
[Site "Thulhiriya City PHI"]
[Date "2013.02.07"]
[Round "7.4"]
[White "Ranasinghe,S"]
[Black "Tharushi,T H D Niklesha"]
[Result "1-0"]
[WhiteElo "1854"]
[BlackElo "1454"]

1.d4 Nf6 2.Bg5 e6 3.Nd2 b6 4.e4 d6 5.e5 h6 6.Bh4 g5 7.Bg3 dxe5 8.dxe5 Nfd7
9.h4 Bg7 10.Qf3 c6 11.Nc4 O-O 12.hxg5 Qxg5 13.Bf4 Qg6 14.Bd3 f5 15.O-O-O Ba6
16.Re1 Nc5 17.Bf1 Ne4 18.Qe3 Kh7 19.Nf3 Rh8 20.Ng5+ Nxg5 21.Bxg5 Kg8 22.Bf4 Nd7
23.Qf3 Rc8 24.Nd6 Bxf1 25.Nxc8 Bxg2 26.Ne7+ Kf7 27.Nxg6 Bxf3 28.Nxh8+ Bxh8
29.Rxh6 Bg7 30.Rh3 Bg4 31.Rc3 c5 32.Rd3 Nf8 33.f3 Bh5 34.Rh1 Ng6 35.Rd7+ Kg8
36.Rxh5 Nxf4 37.Rg5 Ne2+ 38.Kd2 Nd4 39.Rgxg7+ Kf8 40.Rdf7+ Ke8 41.Rxa7 Nc6
42.Rg8+  1-0

[Event "35th Georgi Tringov Open"]
[Site "Plovdiv BUL"]
[Date "2013.02.09"]
[Round "8.16"]
[White "Milenkovic,Ml"]
[Black "Panajotov,J"]
[Result "0-1"]
[WhiteElo "2393"]
[BlackElo "2213"]

1.d4 Nf6 2.Bg5 e6 3.e4 h6 4.Bxf6 Qxf6 5.Nc3 Bb4 6.Nf3 d5 7.Bd3 dxe4 8.Bxe4 c5
9.O-O cxd4 10.Nb5 Na6 11.Nfxd4 O-O 12.c3 Be7 13.Qe2 Nc5 14.Nf3 a6 15.Nbd4 Nxe4
16.Qxe4 Bd6 17.Rfe1 Qf4 18.Qc2 Re8 19.Rad1 Bc7 20.Ne2 Qf6 21.Ng3 e5 22.Qe4 Qe6
23.Qb1 Qc6 24.Nd2 Bg4 25.f3 Be6 26.Kh1 Rad8 27.Ndf1 Qc4 28.a3 Qa4 29.Ne4 Qc6
30.Nf2 Bb3 31.Rxd8 Rxd8 32.Ng4 h5 33.Nf2 g6 34.Ne4 Kg7 35.Ng5 f6 36.Nh3 Bb6
37.f4 Be6 38.Ng1 exf4 39.Nf3 g5 40.Qe4 Qxe4 41.Rxe4 Rd1 42.Re1 Rxe1 43.Nxe1 Bd5
44.h3 g4 45.hxg4 hxg4 46.Kh2 Kh6 47.g3 Bc7 48.gxf4 Bxf4+ 49.Kg1 Be4 50.Ng2 Bxg2
51.Kxg2 Kg5 52.b3 Kf5 53.c4 Ke4 54.b4 Kd4 55.c5 Kc4 56.Ng3 Bxg3 57.Kxg3 f5  0-1

[Event "Novy Bor Open A 2013"]
[Site "Novy Bor CZE"]
[Date "2013.02.15"]
[Round "8"]
[White "Mach,Michal"]
[Black "Vetter,U"]
[Result "1/2-1/2"]
[WhiteElo "1560"]
[BlackElo "1722"]

1.d4 Nf6 2.Bg5 e6 3.e4 Be7 4.e5 Nd5 5.Bxe7 Qxe7 6.c3 c5 7.Qg4 O-O 8.dxc5 Qxc5
9.Nd2 Nc6 10.Ngf3 f6 11.Ne4 Qb6 12.exf6 Nxf6 13.Nxf6+ Rxf6 14.Rb1 d5 15.Be2 e5
16.Qa4 e4 17.Nd4 Ne5 18.Qe8+ Rf8 19.Qxe5 Qg6 20.Qxd5+ Kh8 21.g3 e3 22.O-O Bh3
23.f4 Rxf4 24.Rfd1 Raf8 25.Nf3 Rg4 26.Qd6  1/2-1/2